000 00359nam a2200169Ia 4500
005 20250425160904.0
008 250425s9999 xx 000 0 und d
041 _aspa
082 _a551.6
245 0 _aCLIMATOLOGIA
250 _a1A ED.
260 _aEspaƱa
_bOIKO
_c1975
260 _aS.L.
650 _aCLIMATOLOGIA
942 _c01
010 _a7668
999 _c198227
_d198227